000 004460000a22001690004500
003 MACL
005 20151227122537.0
008 151227b xxu||||| |||| 00| 0 eng d
040 _aMACL
_cMACL
041 _aEnglish
082 _a001.433/YAT
100 _aF R S Yates, frank
_923061
245 _aSampling Methods for Censuses & Surveys
260 _bCharles Griffin & Co.
_c1960
650 _aGenelities
_923062
942 _cBK
_k001.433/Yat
_2ddc
999 _c36165
_d36165